Statistics for Formula 1: Top 3 in Constructor's Championship

Click here to take the quiz!

General Stats

  • This quiz has been taken 5,561 times
    (840 since last reset)
  • The average score is 176 of 198

Answer Stats

PlacementSeasonTeam% Correct
2nd1990Ferrari
100%
2nd1970Ferrari
100%
3rd2010Ferrari
100%
3rd2011Ferrari
100%
1st1979Ferrari
100%
1st1977Ferrari
100%
1st1976Ferrari
100%
3rd2013Ferrari
100%
3rd2016Ferrari
100%
3rd2021Ferrari
100%
3rd2023Ferrari
100%
1st1964Ferrari
100%
2nd1958Ferrari
100%
2nd1959Ferrari
100%
1st1961Ferrari
100%
2nd1966Ferrari
100%
2nd2022Ferrari
100%
1st1983Ferrari
100%
2nd1974Ferrari
100%
2nd2019Ferrari
100%
2nd2018Ferrari
100%
2nd2017Ferrari
100%
2nd1978Ferrari
100%
2nd2015Ferrari
100%
2nd2012Ferrari
100%
2nd1984Ferrari
100%
2nd1985Ferrari
100%
2nd2006Ferrari
100%
2nd1988Ferrari
100%
2nd1998Ferrari
100%
2nd1997Ferrari
100%
2nd1996Ferrari
100%
1st1982Ferrari
100%
1st1975Ferrari
100%
3rd1989Ferrari
100%
3rd1994Ferrari
100%
1st2004Ferrari
100%
1st2003Ferrari
100%
1st2002Ferrari
100%
1st2001Ferrari
100%
1st2000Ferrari
100%
1st2008Ferrari
100%
1st1999Ferrari
100%
3rd1971Ferrari
100%
3rd1991Ferrari
100%
1st2007Ferrari
100%
3rd1960Ferrari
100%
3rd1995Ferrari
100%
3rd2005Ferrari
100%
2nd1999McLaren
100%
2nd2000McLaren
100%
2nd2001McLaren
100%
2nd1987McLaren
100%
2nd1986McLaren
100%
2nd2005McLaren
100%
2nd1976McLaren
100%
2nd1982McLaren
100%
3rd1975McLaren
100%
3rd1973McLaren
100%
3rd1972McLaren
100%
2nd2008McLaren
100%
2nd2010McLaren
100%
2nd2011McLaren
100%
1st1989McLaren
100%
3rd1977McLaren
100%
1st1988McLaren
100%
3rd2012McLaren
100%
3rd2006McLaren
100%
3rd2009McLaren
100%
1st1985McLaren
100%
1st1984McLaren
100%
1st1990McLaren
100%
1st1991McLaren
100%
3rd2003McLaren
100%
3rd2002McLaren
100%
2nd1992McLaren
100%
3rd2020McLaren
100%
2nd1993McLaren
100%
1st1974McLaren
100%
1st1998McLaren
100%
2nd1968McLaren
100%
2nd2013Mercedes
100%
1st2021Mercedes
100%
1st2020Mercedes
100%
1st2019Mercedes
100%
3rd2022Mercedes
100%
1st2015Mercedes
100%
1st2018Mercedes
100%
1st2014Mercedes
100%
1st2017Mercedes
100%
1st2016Mercedes
100%
2nd2023Mercedes
100%
3rd2018Red Bull
100%
3rd2017Red Bull
100%
1st2022Red Bull
100%
3rd2019Red Bull
100%
1st2023Red Bull
100%
2nd2021Red Bull
100%
1st2012Red Bull
100%
1st2011Red Bull
100%
2nd2020Red Bull
100%
2nd2016Red Bull
100%
1st2013Red Bull
100%
2nd2009Red Bull
100%
1st2010Red Bull
100%
2nd2014Red Bull
100%
3rd1985Williams
97%
1st1986Williams
97%
1st1981Williams
97%
1st1994Williams
97%
1st1980Williams
97%
3rd1998Williams
97%
3rd2000Williams
97%
3rd2015Williams
97%
3rd2014Williams
97%
2nd1991Williams
97%
1st1993Williams
97%
3rd2001Williams
97%
2nd1979Williams
97%
2nd1995Williams
97%
2nd1989Williams
97%
2nd2002Williams
97%
2nd2003Williams
97%
1st1992Williams
97%
1st1987Williams
97%
1st1997Williams
97%
1st1996Williams
97%
1st2006Renault
95%
2nd1983Renault
95%
3rd2004Renault
95%
3rd2007Renault
95%
1st2005Renault
95%
3rd1982Renault
95%
3rd1981Renault
95%
1st2009Brawn
88%
1st1973Lotus
84%
1st1978Lotus
84%
1st1972Lotus
84%
2nd1961Lotus
84%
1st1970Lotus
84%
1st1968Lotus
84%
1st1965Lotus
84%
1st1963Lotus
84%
2nd1960Lotus
84%
2nd1962Lotus
84%
3rd1986Lotus
84%
2nd1967Lotus
84%
3rd1984Lotus
84%
2nd1977Lotus
84%
3rd1969Lotus
84%
3rd1964Lotus
84%
3rd1987Lotus
84%
3rd1997Benetton
79%
2nd1994Benetton
79%
3rd1993Benetton
79%
3rd1992Benetton
79%
3rd1990Benetton
79%
1st1995Benetton
79%
3rd1988Benetton
79%
3rd1996Benetton
79%
3rd2008BMW Sauber
72%
2nd2007BMW Sauber
72%
2nd1969Brabham
72%
3rd1965Brabham
72%
2nd1975Brabham
72%
1st1967Brabham
72%
1st1966Brabham
72%
3rd1978Brabham
72%
3rd1963Brabham
72%
3rd1983Brabham
72%
2nd1981Brabham
72%
3rd1980Brabham
72%
2nd1973Tyrrell
59%
3rd1974Tyrrell
59%
2nd1972Tyrrell
59%
1st1971Tyrrell
59%
3rd1976Tyrrell
59%
2nd1971BRM
54%
2nd1965BRM
54%
2nd1964BRM
54%
2nd1963BRM
54%
1st1962BRM
54%
3rd1959BRM
54%
3rd1962Cooper
53%
3rd1966Cooper
53%
3rd1967Cooper
53%
3rd1958Cooper
53%
1st1960Cooper
53%
1st1959Cooper
53%
1st1958Vanwall
52%
3rd1999Jordan
51%
3rd1968Matra
46%
1st1969Matra
46%
2nd2004BAR
43%
2nd1980Ligier
29%
3rd1979Ligier
29%
3rd1961Porsche
28%
3rd1970March
23%

Score Distribution

Percentile by Number Answered

Percent of People with Each Score

Your Score History

You have not taken this quiz since the last reset